000
00295nam a2200121Ia 4500
008
190216s9999||||xx |||||||||||||| ||und||
100
_a
Kantha Anand
245
0
_a
Hindi-Hindi Vyakarana Yev Pathr Lekhan
260
_b
Vidha Pusthaksadhan
_c
2012
300
_a
168
650
_a
Hindi
942
_c
BK
999
_c
16786
_d
16786